000 01928cam a22005054i 4500
003 PE-LiUPU
005 20250731173451.0
008 150616s r 000 0 d
020 _a0687279143
035 _a(Sirsi) i9780687279142
040 _aPE-LiUPU
_bspa
_cPE-LiUPU
_erda
049 _aPRUA
082 0 4 _b
_221
100 1 _aMetzger, Bruce Manning,
_eautor.
245 1 4 _aThe New Testament :
_bIts background, growth, and content /
_cBruce Manning Metzger.
264 1 _aNashville, TN :
_bAbingdon Press,
_c1990.
300 _a309 páginas ;
_c21 centímetros
336 _atext
_2rdacontent
337 _aunmediated
_2rdamedia
338 _avolume
_2rdacarrier
500 _aOtra ed. 1983.
505 0 _aThe bacckground of the New Testament Period -- Aspects of the life and teaching of Jesus Christ -- The Apostolic Age.
526 _aSEG42
526 _aSEG41
526 _aSEG40
526 _aSEG39
526 _aP94
526 _aP87
526 _aP86
526 _aP85
526 _aP77
526 _aP76
526 _aP35
630 _aBiblia.
_pN.T.
_xEstudio y enseñanza.
910 _ajck
_bjvq
_cjck
942 _2ddc
_cBOOK
949 _a225.95 M45
_wDEWEY
_c1
_i39837
_lCCODEBUL1
_mBUL
_r0
_sY
_tBOOK
_u2015-4-23
_xTEOLOGIA
_zUNKNOWN
_0COMPRA
_o.STAFF. Colección General
949 _a225.95 M45
_wDEWEY
_c2
_i45775
_mBUL
_r0
_sY
_tBOOK
_u2015-6-16
_xTEOLOGIA
_zUNKNOWN
_0COMPRA
_o.STAFF. Colección General
994 _aC0
_bPEPRU
596 _a1
999 _a225.95 M45
_wDEWEY
_c57609
_i39837
_f2021-11-9
_g5
_lCCODEBUL1
_mBUL
_r0
_sY
_tBOOK
_u2015-4-23
_xTEOLOGIA
_zUNKNOWN
_0COMPRA
_o.STAFF. Colección General
_d57609
999 _a225.95 M45
_wDEWEY
_c2
_i45775
_f2021-11-9
_g5
_lCCODEBUL1
_mBUL
_r0
_sY
_tBOOK
_u2015-6-16
_xTEOLOGIA
_zUNKNOWN
_0COMPRA
_o.STAFF. Colección General
980 _81
_gALBERTO SANCHEZ Responsable de Automatización